000 01138nam a2200313 a 4500
001 26707
003 (BD-RjUL)
005 20211209051045.0
008 140323s1955 enkb b f000 0 eng d
035 _a(BD-RjUL)26777
040 _aUkOxU
_beng
_cUkOxU
_dBD-RjUL
041 _aeng
082 _a916.76
_bEAS 1955
110 1 _aGreat Britain.
_bEast Africa Royal Commission.
_982061
245 1 0 _aEast Africa Royal Commission, 1953-1955 :
_breport /
_cpresented by the Secretary of State for the Colonies to Parliament ... June 1955
260 _aLondon :
_bH.M.S.O,
_c1955
300 _axiv, 482 p. :
_b4 col. maps on folded leaves in pocket ;
_c25 cm.
490 1 _aCmd. ;
_v9475
500 _aHugh Dow, Chairman.
504 _aIncludes bibliographical footnotes.
650 0 _aLand tenure
_zAfrica, East.
_982062
651 0 _aAfrica, East
_xSocial conditions.
_982063
651 0 _aAfrica, East
_xEconomic conditions.
_966375
830 0 _v9475
_982070
700 1 _aDow, Hugh,
_d1886-1978.
_982065
710 1 _aGreat Britain.
_bColonial Office.
_982066
830 0 _aCmd. (Great Britain. Parliament) ;
_982071
942 _2ddc
_cBK
999 _c26707
_d26707